000 01154nam a2200325 i 4500
003 EG-GICUC
005 20260513165228.0
008 260513s1962 fr |||fr|||| 000 0 Fre d
040 _aEG-GiCUC
_bfre
_cEG-GiCUC
_dEG-GiCUC
_eRda
041 0 _afre
082 0 4 _a345.3231
_bMA . V
_221
092 0 4 _221
099 _aLaw 07 345.3231 MA . V 1962
100 1 _aMazéres, Jean-Arnaud.
_eAuteur
245 2 0 _aVéhicules Administratifs Et Responsabilité Publique :
_nTome XLVII /
_cPar Jean-Arnaud Mazéres, Marcel Waline; Préface De Paul Couzinet.
_b
264 1 _aParis :
_bLibrairie Generale De Droit Et De Jurisprudence,
_c1962.
300 _a640 Page ;
_c 24 cm.
336 _2rda contenu
_a texte
337 _2rda medias
_aOrdinateur
338 _2 transporteur rda
_a Ressource en ligne
490 _aBibliothéque De Droit Public
504 _aBibliography: pages 595- 604
546 _aTexte en français
650 1 _aDroit Administratif
700 1 _aCouzinet, Paul
_ePréfacier
700 1 _aWaline, Marcel
_eCo-Auteur
856 4 0 _uhttps://fll.law.cu.edu.eg/fulltext/bks/B07-06308.pdf
905 _a64
942 _2ddc
_n0
_cBK
_e21
999 _c76794
_d76794